<The> Efficiency of Selected Banking Sectors in the European Union

Meranie bankovej efektívnosti prostredníctvom následovných kritérií: ROA, ROE, celkové aktíva, nesplácané úvery, celkové úvery, rýchle likvidné aktíva, krátkodobé záväzky, úvery/vklady, kapitálová primeranosť. Zhodnotenie efektívnosti českých bánk pomocou klastrovej analýzy a porovnanie s bankami vy...

Celý popis

Uložené v:
Podrobná bibliografia
Hlavný autor: Černohorská, Liběna
Médium: Kapitola
Jazyk:English
Predmet:
Tagy: Pridať tag
Žiadne tagy, Buďte prvý, kto otaguje tento záznam!

MARC

LEADER 00000nla a2200000 4500
001 0242269
005 20240416112336.9
041 0 |a eng 
044 |a CZ 
245 1 0 |a <The> Efficiency of Selected Banking Sectors in the European Union  |c Liběna Černohorská 
520 |a Meranie bankovej efektívnosti prostredníctvom následovných kritérií: ROA, ROE, celkové aktíva, nesplácané úvery, celkové úvery, rýchle likvidné aktíva, krátkodobé záväzky, úvery/vklady, kapitálová primeranosť. Zhodnotenie efektívnosti českých bánk pomocou klastrovej analýzy a porovnanie s bankami vybraných krajín EÚ. Výsledky poukazujú na najväčšiu podobnosť českého a slovenského bankového sektora. 
610 2 0 |a banky 
610 2 0 |a bankovníctvo 
610 2 0 |a efektívnosť 
610 2 0 |a Európska únia 
610 2 0 |a analýza komparatívna 
610 2 0 |a klaster 
610 2 0 |a úver bankový 
610 2 0 |a aktíva 
610 2 0 |a pôžičky 
610 2 0 |a záväzky 
100 1 |a Černohorská, Liběna